[Event "ODJM C 2025"]
[Site "Willingen GER"]
[Date "2025.06.14"]
[Round "9"]
[White "Kiesewetter, Lara"]
[Black "Fels, Henri"]
[Result "1/2-1/2"]
[Termination "normal"]
[Board "25"]
[WhiteElo "1131"]
[BlackElo "940"]
[WhiteClock "00:41:56"]
[BlackClock "00:51:32"]
[PlyCount "46"]
[WhiteFideId "533043736"]
[BlackFideId "533043779"]
[EventCountry "GER"]
[EventRounds "9"]
[EventType "swiss"]
[EventDate "2025.06.07"]

1. e4 {[%clk 01:30:57]} {[%emt 00:00:03]} c5 {[%clk 01:30:50]} {[%emt
00:00:10]} 2. d4 {[%clk 01:31:19]} {[%emt 00:00:09]} cxd4 {[%clk 01:30:56]}
{[%emt 00:00:25]} 3. c3 {[%clk 01:31:42]} {[%emt 00:00:06]} dxc3 {[%clk
01:28:04]} {[%emt 00:03:22]} 4. Nxc3 {[%clk 01:32:06]} {[%emt 00:00:05]} e6
{[%clk 01:27:20]} {[%emt 00:01:14]} 5. Nf3 {[%clk 01:31:13]} {[%emt 00:01:23]}
Bb4 {[%clk 01:27:18]} {[%emt 00:00:32]} 6. Bd2 {[%clk 01:27:24]} {[%emt
00:04:19]} Nc6 {[%clk 01:23:16]} {[%emt 00:04:33]} 7. Bc4 {[%clk 01:24:35]}
{[%emt 00:03:18]} Nf6 {[%clk 01:12:42]} {[%emt 00:11:04]} 8. e5 {[%clk
01:21:04]} {[%emt 00:04:02]} Ng4 {[%clk 01:10:56]} {[%emt 00:02:15]} 9. O-O
{[%clk 01:21:17]} {[%emt 00:00:17]} Ngxe5 {[%clk 01:10:39]} {[%emt 00:00:48]}
10. Nxe5 {[%clk 01:20:34]} {[%emt 00:01:13]} Nxe5 {[%clk 01:11:00]} {[%emt
00:00:09]} 11. Qe2 {[%clk 01:20:46]} {[%emt 00:00:18]} Nc6 {[%clk 01:07:41]}
{[%emt 00:03:50]} 12. Nb5 {[%clk 01:09:05]} {[%emt 00:12:11]} d5 {[%clk
01:05:46]} {[%emt 00:02:25]} 13. Bb3 {[%clk 01:06:15]} {[%emt 00:03:19]} Qa5
{[%clk 01:04:40]} {[%emt 00:01:36]} 14. Nd6+ {[%clk 00:57:49]} {[%emt
00:08:56]} Kd7 {[%clk 01:03:27]} {[%emt 00:01:43]} 15. Bxb4 {[%clk 00:56:03]}
{[%emt 00:02:16]} Qxb4 {[%clk 01:02:30]} {[%emt 00:01:28]} 16. Nxf7 {[%clk
00:56:10]} {[%emt 00:00:22]} Rf8 {[%clk 01:01:36]} {[%emt 00:01:24]} 17. Ne5+
{[%clk 00:56:23]} {[%emt 00:00:17]} Kd8 {[%clk 00:57:21]} {[%emt 00:04:46]} 18.
Nxc6+ {[%clk 00:51:05]} {[%emt 00:05:48]} bxc6 {[%clk 00:57:19]} {[%emt
00:00:32]} 19. Rac1 {[%clk 00:51:14]} {[%emt 00:00:21]} Qb6 {[%clk 00:54:05]}
{[%emt 00:03:44]} 20. Qe5 {[%clk 00:45:41]} {[%emt 00:06:02]} Qc7 {[%clk
00:52:23]} {[%emt 00:02:13]} 21. Qxc7+ {[%clk 00:42:09]} {[%emt 00:04:02]} Kxc7
{[%clk 00:52:45]} {[%emt 00:00:08]} 22. Ba4 {[%clk 00:42:29]} {[%emt 00:00:10]}
Bd7 {[%clk 00:52:55]} {[%emt 00:00:20]} 23. Rc2 {[%clk 00:41:56]} {[%emt
00:01:03]} Rf6 {[%clk 00:51:32]} {[%emt 00:01:53]} 1/2-1/2

[Event "ODJM C 2025"]
[Site "Willingen GER"]
[Date "2025.06.14"]
[Round "9"]
[White "Bathmann, Sanaa Maria"]
[Black "Steppat, Tristan"]
[Result "0-1"]
[Termination "normal"]
[Board "26"]
[WhiteElo "1105"]
[BlackElo "1004"]
[WhiteClock "00:40:42"]
[BlackClock "01:15:44"]
[PlyCount "76"]
[WhiteFideId "34697322"]
[BlackFideId "533004811"]
[EventCountry "GER"]
[EventRounds "9"]
[EventType "swiss"]
[EventDate "2025.06.07"]

1. e4 {[%clk 01:30:56]} {[%emt 00:00:03]} e6 {[%clk 01:30:47]} {[%emt
00:00:14]} 2. d4 {[%clk 01:31:17]} {[%emt 00:00:08]} d5 {[%clk 01:31:08]}
{[%emt 00:00:10]} 3. exd5 {[%clk 01:31:14]} {[%emt 00:00:32]} exd5 {[%clk
01:31:28]} {[%emt 00:00:07]} 4. Nf3 {[%clk 01:31:32]} {[%emt 00:00:15]} Be7
{[%clk 01:31:14]} {[%emt 00:00:43]} 5. Be2 {[%clk 01:31:00]} {[%emt 00:01:02]}
Nf6 {[%clk 01:31:32]} {[%emt 00:00:13]} 6. Nc3 {[%clk 01:29:50]} {[%emt
00:01:40]} Bd7 {[%clk 01:29:58]} {[%emt 00:02:05]} 7. Be3 {[%clk 01:29:22]}
{[%emt 00:00:50]} Nc6 {[%clk 01:30:15]} {[%emt 00:00:20]} 8. Ne5 {[%clk
01:25:55]} {[%emt 00:03:56]} O-O {[%clk 01:25:18]} {[%emt 00:05:20]} 9. Nxd7
{[%clk 01:24:11]} {[%emt 00:02:22]} Qxd7 {[%clk 01:24:13]} {[%emt 00:00:27]}
10. Qd2 {[%clk 01:24:39]} Rad8 {[%clk 01:24:50]} {[%emt 00:01:35]} 11. Bd3
{[%clk 01:23:20]} {[%emt 00:02:16]} Ng4 {[%clk 01:24:59]} {[%emt 00:00:20]} 12.
Bf4 {[%clk 01:21:56]} {[%emt 00:01:25]} Nxd4 {[%clk 01:23:42]} {[%emt
00:02:18]} 13. Bxh7+ {[%clk 01:17:59]} {[%emt 00:04:26]} Kxh7 {[%clk 01:22:26]}
{[%emt 00:01:38]} 14. Qxd4 {[%clk 01:18:07]} {[%emt 00:00:30]} Rfe8 {[%clk
01:22:39]} {[%emt 00:00:12]} 15. O-O-O {[%clk 01:17:32]} {[%emt 00:01:10]} Bf6
{[%clk 01:22:50]} {[%emt 00:00:20]} 16. Qd3+ {[%clk 01:17:11]} {[%emt
00:00:52]} Kg8 {[%clk 01:23:05]} {[%emt 00:00:14]} 17. Bg3 {[%clk 01:17:22]}
{[%emt 00:00:16]} Bg5+ {[%clk 01:21:00]} {[%emt 00:02:38]} 18. Kb1 {[%clk
01:15:20]} {[%emt 00:02:31]} d4 {[%clk 01:15:25]} {[%emt 00:06:00]} 19. Nb5
{[%clk 01:13:51]} {[%emt 00:02:04]} a6 {[%clk 01:15:44]} {[%emt 00:00:12]} 20.
Nxd4 {[%clk 01:12:58]} {[%emt 00:01:23]} Bf6 {[%clk 01:15:55]} {[%emt
00:00:20]} 21. Nb3 {[%clk 01:07:25]} {[%emt 00:06:01]} Qa4 {[%clk 01:15:03]}
{[%emt 00:01:12]} 22. Qf3 {[%clk 01:02:02]} {[%emt 00:06:00]} b5 {[%clk
01:13:48]} {[%emt 00:01:50]} 23. Bxc7 {[%clk 00:57:58]} {[%emt 00:04:33]} Rc8
{[%clk 01:14:09]} {[%emt 00:00:09]} 24. Bf4 {[%clk 00:57:17]} {[%emt 00:01:11]}
Qc4 {[%clk 01:14:31]} {[%emt 00:00:08]} 25. Rc1 {[%clk 00:56:32]} {[%emt
00:00:59]} Ne5 {[%clk 01:14:29]} {[%emt 00:00:49]} 26. Bxe5 {[%clk 00:55:02]}
{[%emt 00:01:59]} Bxe5 {[%clk 01:14:48]} {[%emt 00:00:10]} 27. h4 {[%clk
00:54:38]} {[%emt 00:00:51]} Qb4 {[%clk 01:14:17]} {[%emt 00:00:59]} 28. c3
{[%clk 00:53:08]} {[%emt 00:02:05]} Qa4 {[%clk 01:14:24]} {[%emt 00:00:25]} 29.
g4 {[%clk 00:52:24]} {[%emt 00:01:12]} b4 {[%clk 01:14:19]} {[%emt 00:00:37]}
30. cxb4 {[%clk 00:49:41]} {[%emt 00:03:12]} Qxb4 {[%clk 01:14:37]} {[%emt
00:00:12]} 31. h5 {[%clk 00:49:21]} {[%emt 00:00:50]} a5 {[%clk 01:14:54]}
{[%emt 00:00:14]} 32. Rhe1 {[%clk 00:47:52]} {[%emt 00:01:25]} a4 {[%clk
01:14:21]} {[%emt 00:01:36]} 33. Rxc8 {[%clk 00:43:35]} {[%emt 00:04:46]} Rxc8
{[%clk 01:14:33]} {[%emt 00:00:14]} 34. Rxe5 {[%clk 00:45:48]} {[%emt
00:00:52]} Qc4 {[%clk 01:14:34]} {[%emt 00:00:28]} 35. Re4 {[%clk 00:45:46]}
{[%emt 00:00:33]} Qf1+ {[%clk 01:14:58]} {[%emt 00:00:07]} 36. Re1 {[%clk
00:40:08]} {[%emt 00:06:07]} Qxe1+ {[%clk 01:14:58]} {[%emt 00:00:07]} 37. Qd1
{[%clk 00:40:19]} {[%emt 00:00:42]} Qxd1+ {[%clk 01:15:21]} {[%emt 00:00:08]}
38. Nc1 {[%clk 00:40:42]} {[%emt 00:00:07]} Qxc1# {[%clk 01:15:44]} {[%emt
00:00:04]} 0-1

[Event "ODJM C 2025"]
[Site "Willingen GER"]
[Date "2025.06.14"]
[Round "9"]
[White "Muhl, Jakob"]
[Black "Kasten, Luna Seraphine"]
[Result "1-0"]
[Termination "normal"]
[Board "27"]
[WhiteElo "1510"]
[BlackElo "1409"]
[WhiteClock "00:59:25"]
[BlackClock "01:18:18"]
[PlyCount "73"]
[WhiteFideId "34635181"]
[BlackFideId "34681639"]
[EventCountry "GER"]
[EventRounds "9"]
[EventType "swiss"]
[EventDate "2025.06.07"]

1. e4 {[%clk 01:30:57]} {[%emt 00:00:02]} c6 {[%clk 01:30:54]} {[%emt
00:00:07]} 2. Nc3 {[%clk 01:31:10]} {[%emt 00:00:17]} d5 {[%clk 01:30:43]}
{[%emt 00:00:41]} 3. Qf3 {[%clk 01:30:50]} {[%emt 00:00:50]} d4 {[%clk
01:29:24]} {[%emt 00:01:49]} 4. Bc4 {[%clk 01:30:25]} {[%emt 00:00:54]} Nf6
{[%clk 01:29:28]} {[%emt 00:00:25]} 5. e5 {[%clk 01:29:28]} {[%emt 00:01:28]}
Nd5 {[%clk 01:29:46]} {[%emt 00:00:12]} 6. Nxd5 {[%clk 01:28:00]} {[%emt
00:01:59]} cxd5 {[%clk 01:29:54]} {[%emt 00:00:22]} 7. Bxd5 {[%clk 01:26:56]}
{[%emt 00:01:34]} e6 {[%clk 01:30:08]} {[%emt 00:00:16]} 8. Bxb7 {[%clk
01:26:01]} {[%emt 00:01:24]} Bxb7 {[%clk 01:30:12]} {[%emt 00:00:27]} 9. Qxb7
{[%clk 01:26:07]} {[%emt 00:00:23]} Nd7 {[%clk 01:29:58]} {[%emt 00:00:45]} 10.
Nf3 {[%clk 01:24:54]} {[%emt 00:01:42]} Bc5 {[%clk 01:29:27]} {[%emt 00:01:01]}
11. O-O {[%clk 01:22:49]} {[%emt 00:02:36]} O-O {[%clk 01:28:33]} {[%emt
00:01:24]} 12. d3 {[%clk 01:21:08]} {[%emt 00:02:11]} f6 {[%clk 01:26:39]}
{[%emt 00:02:24]} 13. exf6 {[%clk 01:18:11]} {[%emt 00:03:28]} Nxf6 {[%clk
01:25:45]} {[%emt 00:01:21]} 14. Bf4 {[%clk 01:12:39]} {[%emt 00:06:04]} Rf7
{[%clk 01:21:58]} {[%emt 00:04:16]} 15. Qc6 {[%clk 01:09:18]} {[%emt 00:03:39]}
Qd5 {[%clk 01:20:33]} {[%emt 00:02:08]} 16. Qxd5 {[%clk 01:07:33]} {[%emt
00:02:14]} exd5 {[%clk 01:20:17]} {[%emt 00:00:46]} 17. Rfe1 {[%clk 01:07:05]}
{[%emt 00:00:59]} h6 {[%clk 01:19:14]} {[%emt 00:01:33]} 18. Be5 {[%clk
01:05:15]} {[%emt 00:02:20]} Rb8 {[%emt 00:01:47]} 19. Bxb8 {[%clk 01:04:47]}
{[%emt 00:00:46]} Rb7 {[%clk 01:18:06]} {[%emt 00:00:32]} 20. Be5 {[%clk
01:04:36]} {[%emt 00:00:34]} Rxb2 {[%clk 01:18:17]} {[%emt 00:00:27]} 21. Bxd4
{[%clk 01:04:35]} {[%emt 00:00:32]} Bxd4 {[%clk 01:18:23]} {[%emt 00:00:24]}
22. Nxd4 {[%clk 01:04:53]} {[%emt 00:00:11]} Nd7 {[%clk 01:18:07]} {[%emt
00:00:47]} 23. Re7 {[%clk 01:03:38]} {[%emt 00:01:41]} Rb7 {[%clk 01:18:24]}
{[%emt 00:00:15]} 24. h3 {[%clk 01:02:55]} {[%emt 00:01:13]} a6 {[%clk
01:16:39]} {[%emt 00:02:12]} 25. Rae1 {[%clk 01:02:01]} {[%emt 00:01:24]} Kh7
{[%clk 01:16:42]} {[%emt 00:00:30]} 26. R1e5 {[%clk 00:58:33]} {[%emt
00:03:33]} Nxe5 {[%clk 01:17:00]} {[%emt 00:00:38]} 27. Rxb7 {[%clk 00:58:51]}
{[%emt 00:00:12]} Ng6 {[%clk 01:17:15]} {[%emt 00:00:16]} 28. Rd7 {[%clk
00:58:18]} {[%emt 00:00:54]} Nf8 {[%clk 01:17:21]} {[%emt 00:00:32]} 29. Rxd5
{[%clk 00:58:32]} {[%emt 00:00:15]} g6 {[%clk 01:17:29]} {[%emt 00:00:22]} 30.
c4 {[%clk 00:58:45]} {[%emt 00:00:15]} a5 {[%clk 01:16:48]} {[%emt 00:01:13]}
31. c5 {[%clk 00:57:40]} {[%emt 00:01:35]} a4 {[%clk 01:16:53]} {[%emt
00:00:26]} 32. c6 {[%clk 00:57:43]} {[%emt 00:00:27]} a3 {[%clk 01:17:14]}
{[%emt 00:00:09]} 33. c7 {[%clk 00:58:09]} {[%emt 00:00:05]} h5 {[%clk
01:17:38]} {[%emt 00:00:05]} 34. c8=Q {[%clk 00:58:23]} {[%emt 00:00:16]} Kg8
{[%clk 01:17:57]} {[%emt 00:00:11]} 35. Ne6 {[%clk 00:58:44]} {[%emt 00:00:09]}
g5 {[%clk 01:18:07]} {[%emt 00:00:20]} 36. Qxf8+ {[%clk 00:59:03]} {[%emt
00:00:10]} Kh7 {[%clk 01:18:18]} {[%emt 00:00:20]} 37. Qg7# {[%clk 00:59:25]}
{[%emt 00:00:07]} 1-0

[Event "ODJM C 2025"]
[Site "Willingen GER"]
[Date "2025.06.14"]
[Round "9"]
[White "Martens, Nele"]
[Black "Prokscha, Kilian"]
[Result "1/2-1/2"]
[Termination "normal"]
[Board "28"]
[WhiteElo "1036"]
[BlackElo "970"]
[WhiteClock "00:48:47"]
[BlackClock "00:49:48"]
[PlyCount "53"]
[WhiteFideId "533001952"]
[BlackFideId "533002843"]
[EventCountry "GER"]
[EventRounds "9"]
[EventType "swiss"]
[EventDate "2025.06.07"]

1. e4 {[%clk 01:30:59]} {[%emt 21:14:49]} c6 {[%clk 01:30:36]} {[%emt
00:00:25]} 2. d4 {[%clk 01:31:20]} {[%emt 00:00:09]} d5 {[%clk 01:30:28]}
{[%emt 00:00:36]} 3. exd5 {[%clk 01:31:34]} {[%emt 00:00:16]} cxd5 {[%clk
01:29:50]} {[%emt 00:01:09]} 4. Nf3 {[%clk 01:31:05]} {[%emt 00:00:59]} Bf5
{[%clk 01:29:44]} {[%emt 00:00:37]} 5. Bf4 {[%clk 01:30:40]} {[%emt 00:00:54]}
Nc6 {[%clk 01:27:51]} {[%emt 00:02:24]} 6. Bb5 {[%clk 01:30:23]} {[%emt
00:00:46]} e6 {[%clk 01:25:59]} {[%emt 00:02:22]} 7. Ne5 {[%clk 01:28:36]}
{[%emt 00:02:17]} Nge7 {[%clk 01:23:24]} {[%emt 00:03:05]} 8. O-O {[%clk
01:25:26]} {[%emt 00:03:40]} a6 {[%clk 01:22:25]} {[%emt 00:01:29]} 9. Bxc6+
{[%clk 01:24:00]} {[%emt 00:01:56]} Nxc6 {[%clk 01:20:58]} {[%emt 00:01:59]}
10. a3 {[%clk 01:20:45]} {[%emt 00:03:45]} Bd6 {[%clk 01:20:11]} {[%emt
00:01:15]} 11. Nxc6 {[%clk 01:20:01]} {[%emt 00:01:14]} bxc6 {[%clk 01:20:01]}
{[%emt 00:00:41]} 12. Bg3 {[%clk 01:16:44]} {[%emt 00:03:46]} Bxg3 {[%clk
01:18:24]} {[%emt 00:02:08]} 13. fxg3 {[%clk 01:16:19]} {[%emt 00:00:53]} Qb6
{[%clk 01:17:42]} {[%emt 00:01:13]} 14. b4 {[%clk 01:15:06]} {[%emt 00:01:44]}
O-O {[%clk 01:15:21]} {[%emt 00:02:51]} 15. c3 {[%clk 01:13:00]} {[%emt
00:02:36]} Qb5 {[%clk 01:11:39]} {[%emt 00:04:11]} 16. a4 {[%clk 01:11:11]}
{[%emt 00:02:19]} Qd3 {[%clk 01:09:41]} {[%emt 00:02:29]} 17. Qxd3 {[%clk
01:10:42]} {[%emt 00:00:59]} Bxd3 {[%clk 01:09:07]} {[%emt 00:01:04]} 18. Rd1
{[%clk 01:09:00]} {[%emt 00:02:10]} Bf5 {[%clk 01:06:11]} {[%emt 00:03:26]} 19.
Na3 {[%clk 01:07:40]} {[%emt 00:01:51]} Rab8 {[%clk 01:03:09]} {[%emt
00:03:32]} 20. h3 {[%clk 01:02:33]} {[%emt 00:05:38]} Rb7 {[%clk 00:59:52]}
{[%emt 00:03:48]} 21. g4 {[%clk 00:59:59]} {[%emt 00:03:02]} Bg6 {[%clk
00:58:02]} {[%emt 00:02:22]} 22. Ra2 {[%clk 00:58:11]} {[%emt 00:02:18]} f6
{[%clk 00:54:32]} {[%emt 00:03:59]} 23. Rb2 {[%clk 00:57:22]} {[%emt 00:01:19]}
Rfb8 {[%clk 00:52:19]} {[%emt 00:02:42]} 24. Re1 {[%clk 00:55:19]} {[%emt
00:02:31]} Kf7 {[%clk 00:51:19]} {[%emt 00:01:31]} 25. Kf2 {[%clk 00:53:25]}
{[%emt 00:02:25]} a5 {[%clk 00:51:00]} {[%emt 00:00:46]} 26. b5 {[%clk
00:51:22]} {[%emt 00:02:35]} Ke7 {[%clk 00:49:48]} {[%emt 00:01:43]} 27. Rbe2
{[%clk 00:48:47]} {[%emt 00:03:05]} 1/2-1/2

[Event "ODJM C 2025"]
[Site "Willingen GER"]
[Date "2025.06.14"]
[Round "9"]
[White "Ziem, Aurelie"]
[Black "Bathmann, Severin"]
[Result "0-1"]
[Termination "normal"]
[Board "29"]
[WhiteElo "786"]
[BlackElo "1107"]
[WhiteClock "01:17:51"]
[BlackClock "01:27:21"]
[PlyCount "64"]
[WhiteFideId "533022194"]
[BlackFideId "34697276"]
[EventCountry "GER"]
[EventRounds "9"]
[EventType "swiss"]
[EventDate "2025.06.07"]

1. e4 {[%clk 01:30:56]} {[%emt 00:00:03]} e5 {[%clk 01:30:52]} {[%emt
00:00:08]} 2. Nf3 {[%clk 01:31:14]} {[%emt 00:00:12]} Nc6 {[%clk 01:31:11]}
{[%emt 00:00:12]} 3. Bc4 {[%clk 01:31:34]} {[%emt 00:00:09]} Nf6 {[%clk
01:31:27]} {[%emt 00:00:15]} 4. Nc3 {[%clk 01:31:52]} {[%emt 00:00:11]} Nxe4
{[%clk 01:30:59]} {[%emt 00:00:59]} 5. Nxe4 {[%clk 01:30:21]} {[%emt 00:01:58]}
d5 {[%clk 01:31:23]} {[%emt 00:00:08]} 6. Qe2 {[%clk 01:30:17]} {[%emt
00:00:33]} dxc4 {[%clk 01:31:31]} {[%emt 00:00:23]} 7. Qxc4 {[%clk 01:30:28]}
{[%emt 00:00:18]} Be6 {[%emt 00:01:18]} 8. Qe2 {[%clk 01:29:49]} {[%emt
00:00:06]} Be7 {[%clk 01:30:30]} {[%emt 00:01:46]} 9. d3 {[%clk 01:29:08]}
{[%emt 00:01:09]} h6 {[%clk 01:29:11]} {[%emt 00:01:50]} 10. Be3 {[%clk
01:28:58]} {[%emt 00:00:39]} Nd4 {[%clk 01:27:41]} {[%emt 00:02:01]} 11. Qd2
{[%clk 01:28:57]} {[%emt 00:00:31]} Nxf3+ {[%clk 01:28:03]} {[%emt 00:00:09]}
12. gxf3 {[%clk 01:29:06]} {[%emt 00:00:20]} Bh3 {[%clk 01:27:58]} {[%emt
00:00:35]} 13. O-O-O {[%clk 01:28:57]} {[%emt 00:00:38]} Bg2 {[%clk 01:27:54]}
{[%emt 00:00:34]} 14. Rhg1 {[%clk 01:29:03]} {[%emt 00:00:24]} Bxf3 {[%clk
01:28:01]} {[%emt 00:00:23]} 15. Rde1 {[%clk 01:28:42]} {[%emt 00:00:51]} Qd5
{[%clk 01:27:53]} {[%emt 00:00:39]} 16. Kb1 {[%clk 01:28:16]} {[%emt 00:00:55]}
Bxe4 {[%clk 01:27:22]} {[%emt 00:01:01]} 17. Bc5 {[%clk 01:24:58]} {[%emt
00:03:46]} Bxc5 {[%clk 01:26:43]} {[%emt 00:01:11]} 18. Rg3 {[%clk 01:24:19]}
{[%emt 00:01:08]} Bg6 {[%clk 01:26:39]} {[%emt 00:00:36]} 19. f4 {[%clk
01:23:36]} {[%emt 00:01:11]} Bd6 {[%clk 01:26:22]} {[%emt 00:00:48]} 20. Rge3
{[%clk 01:22:00]} {[%emt 00:02:04]} f6 {[%clk 01:25:30]} {[%emt 00:01:25]} 21.
d4 {[%clk 01:21:12]} {[%emt 00:01:16]} Bf7 {[%clk 01:25:42]} {[%emt 00:00:20]}
22. Kc1 {[%clk 01:20:30]} {[%emt 00:01:11]} Qxa2 {[%clk 01:25:27]} {[%emt
00:00:46]} 23. Kd1 {[%clk 01:20:06]} {[%emt 00:00:52]} Bh5+ {[%clk 01:25:42]}
{[%emt 00:00:16]} 24. Qe2 {[%clk 01:19:58]} {[%emt 00:00:37]} Bxe2+ {[%clk
01:25:45]} {[%emt 00:00:28]} 25. Kxe2 {[%clk 01:20:21]} {[%emt 00:00:07]} O-O-O
{[%clk 01:25:53]} {[%emt 00:00:23]} 26. Re4 {[%clk 01:19:57]} {[%emt 00:00:53]}
exf4 {[%clk 01:26:06]} {[%emt 00:00:18]} 27. Rc1 {[%clk 01:18:36]} {[%emt
00:01:50]} Qxb2 {[%clk 01:26:08]} {[%emt 00:00:29]} 28. Kd2 {[%clk 01:18:21]}
{[%emt 00:00:44]} Bb4+ {[%clk 01:26:24]} {[%emt 00:00:14]} 29. Kd1 {[%clk
01:18:36]} {[%emt 00:00:15]} Rxd4+ {[%clk 01:26:48]} {[%emt 00:00:07]} 30. Rxd4
{[%clk 01:18:19]} {[%emt 00:00:46]} Qxd4+ {[%clk 01:27:15]} {[%emt 00:00:03]}
31. Ke2 {[%clk 01:18:05]} {[%emt 00:00:43]} Qe3+ {[%clk 01:27:36]} {[%emt
00:00:10]} 32. Kd1 {[%clk 01:17:51]} {[%emt 00:00:44]} Rd8# {[%clk 01:27:21]}
{[%emt 00:00:43]} 0-1

[Event "ODJM C 2025"]
[Site "Willingen GER"]
[Date "2025.06.14"]
[Round "9"]
[White "Hasekamp, Jonas"]
[Black "Wagner, Valentin Thien-Phú"]
[Result "0-1"]
[Termination "normal"]
[Board "32"]
[WhiteElo "812"]
[BlackElo "1401"]
[WhiteClock "01:25:20"]
[BlackClock "00:22:53"]
[PlyCount "38"]
[WhiteFideId "34685944"]
[BlackFideId "34603492"]
[EventCountry "GER"]
[EventRounds "9"]
[EventType "swiss"]
[EventDate "2025.06.07"]

1. e4 {[%clk 01:30:37]} {[%emt 00:00:04]} c5 {[%clk 01:31:00]} 2. Bc4 {[%emt
00:00:28]} Nc6 {[%emt 00:00:11]} 3. Nf3 {[%clk 01:30:32]} {[%emt 00:00:15]} g6
{[%clk 01:31:24]} {[%emt 00:00:06]} 4. Ng5 {[%clk 01:30:32]} {[%emt 00:00:24]}
Ne5 {[%clk 01:29:27]} {[%emt 00:02:31]} 5. Qf3 {[%clk 01:30:06]} {[%emt
00:00:51]} Nxf3+ {[%clk 01:29:25]} {[%emt 00:00:38]} 6. gxf3 {[%clk 01:30:16]}
{[%emt 00:00:21]} Nh6 {[%clk 01:29:20]} {[%emt 00:00:35]} 7. Rg1 {[%clk
01:30:10]} {[%emt 00:00:36]} e6 {[%clk 01:27:19]} {[%emt 00:02:32]} 8. f4
{[%clk 01:28:15]} {[%emt 00:02:09]} d5 {[%clk 01:23:36]} {[%emt 00:04:28]} 9.
exd5 {[%clk 01:28:29]} {[%emt 00:00:16]} exd5 {[%clk 01:23:53]} {[%emt
00:00:13]} 10. Bb3 {[%clk 01:28:16]} {[%emt 00:00:33]} b5 {[%clk 00:50:49]}
{[%emt 00:33:44]} 11. Nc3 {[%clk 01:25:58]} {[%emt 00:01:26]} c4 {[%clk
00:44:35]} {[%emt 00:08:07]} 12. Bxc4 {[%clk 01:25:40]} {[%emt 00:00:48]} bxc4
{[%clk 00:43:16]} {[%emt 00:01:48]} 13. d3 {[%clk 01:24:34]} {[%emt 00:01:08]}
Bg7 {[%clk 00:30:09]} {[%emt 00:14:05]} 14. dxc4 {[%clk 01:24:46]} {[%emt
00:00:18]} Bxc3+ {[%clk 00:30:14]} {[%emt 00:00:25]} 15. bxc3 {[%clk 01:25:09]}
{[%emt 00:00:08]} Qe7+ {[%clk 00:23:00]} {[%emt 00:07:44]} 16. Be3 {[%clk
01:25:23]} {[%emt 00:00:14]} dxc4 {[%clk 00:22:14]} {[%emt 00:01:18]} 17. O-O-O
{[%clk 01:25:05]} {[%emt 00:00:36]} Qa3+ {[%clk 00:22:06]} {[%emt 00:00:49]}
18. Kb1 {[%clk 01:25:01]} {[%emt 00:00:29]} Rb8+ {[%clk 00:22:33]} {[%emt
00:00:10]} 19. Ka1 {[%clk 01:25:20]} {[%emt 00:00:12]} Qb2# {[%clk 00:22:53]}
{[%emt 00:00:08]} 0-1